Har sih daftar-i Abū al-Faz̤l.
Saved in:
| Main Author: | |
|---|---|
| Format: | Book |
| Language: | Persian |
| Published: |
Lakhnaʼū :
Bayt al-Salṭanat,
1270 [1854]
|
| Series: | Harvard College Library preservation digitization program.
Alamgir Shuja collection. |
| Subjects: | |
| Tags: |
Add Tag
No Tags, Be the first to tag this record!
|
| LEADER | 00994nam a2200265 a 4500 | ||
|---|---|---|---|
| 001 | 012878747-3 | ||
| 005 | 20170223134514.0 | ||
| 008 | 110817s1854 ii 000 0 perod | ||
| 035 | 0 | |a ocn966984642 | |
| 035 | 0 | |a ocn888576353 | |
| 035 | |a (PkLaDAR) | ||
| 100 | 0 | |6 880-01 |a Abū al-Faz̤l ibn Mubārak, |d 1551-1602. | |
| 245 | 1 | 0 | |6 880-02 |a Har sih daftar-i Abū al-Faz̤l. |
| 260 | |6 880-03 |a Lakhnaʼū : |b Bayt al-Salṭanat, |c 1270 [1854] | ||
| 300 | |a 260 p. ; |c 27 cm. | ||
| 600 | 0 | 0 | |a Akbar, |c Emperor of Hindustan, |d 1542-1605 |v Correspondence. |
| 600 | 0 | 0 | |a Abū al-Faz̤l ibn Mubārak, |d 1551-1602 |v Correspondence. |
| 752 | |a India |d Lucknow. | ||
| 880 | 0 | |6 100-01 |a ابو الفضل بن مبارک, |d 1551-1602. | |
| 880 | 1 | 0 | |6 245-02 |a هر سه دفتر ابو الفضل. |
| 880 | |6 260-03 |a لکهنو : |b بیت السلطنت, |c 1270 [1854] | ||
| 830 | 0 | |a Harvard College Library preservation digitization program. |5 net | |
| 830 | 0 | |a Alamgir Shuja collection. | |
| 988 | |a 20110829 | ||
| 906 | |0 MH | ||


